Catalog

Record Details

Catalog Search



Biblický příběh (Genesis 3 : 6) ve vybraných dílech renesančních autorů : bakalářská práce Cover Image Book Book

Biblický příběh (Genesis 3 : 6) ve vybraných dílech renesančních autorů : bakalářská práce Ilona Kaftanová ; Vedoucí práce: Petr Jandejsek

Record details

  • Physical Description: 64 s. příl.

Content descriptions

Bibliography, etc. Note:
bibliogr. s. 51

Available copies

  • 1 of 1 copy available at Common Catalog SPOK.

Holds

  • 0 current holds with 1 total copy.
Show Only Available Copies
Location Call Number / Copy Notes Barcode Shelving Location Status Due Date
Jabok Library ABP-1628 424480024941 Absolventské práce Reference -

Electronic resources

Version of Resource: Plný text


LDR 00710ntm a22 a 4500
001791
003CZ-PrJAB
00520210310092709.0
008101014s2010 xr e |||| |cze
009cz
035 . ‡a(CONS)791
035 . ‡aKPS0020008
0410 . ‡acze
10011. ‡715951 ‡aKaftanová, Ilona
110 2. ‡aEvangelická teologická fakulta Univerzity Karlovy
2451 . ‡aBiblický příběh (Genesis 3 : 6) ve vybraných dílech renesančních autorů : ‡bbakalářská práce ‡cIlona Kaftanová ; Vedoucí práce: Petr Jandejsek
260 . ‡aPraha ‡c2010
300 . ‡a64 s. ‡bpříl.
504 . ‡abibliogr. s. 51
653 . ‡abible ‡aumění ‡arenesance ‡astvoření ‡aprvní hřích
70011. ‡711400 ‡aJandejsek, Petr
999 . ‡a1628- ‡c1628- ‡i424480024941 ‡tP
999 . ‡a1629- ‡c1629- ‡i424480024927 ‡tP
910 . ‡aABG312
85641. ‡uhttps://dspace.cuni.cz/handle/20.500.11956/37819 ‡yPlný text
901 . ‡a791 ‡bCZ-PrJAB ‡c791 ‡tbiblio

Additional Resources